00507nam a22001577a 450000500170000001000150001702000270003203500140005903700130007308200140008624500950010026000540019527000530024930000280030250000190033020161115112134.0 aENG-116509 a9788173049880c1250.00 aEN-100041 bDBAD/PUB a016.95403 aDescriptive list of persian correspondence volume V (1805) /cedited by Mirza Mumtaz Baig aNew DelhibManohar Publisher & Distributorsc2014 a4753/23 Ansari Road,DaryaganjbNew Delhie110002 a279p. :c22cm (Hb)bill aIncludes index